[Event "21. Copenhagen Open  (Politiken Cup)"]
[Site "Copenhagen"]
[Date "1999.07.08"]
[Round "6"]
[White "Clausen, Mikkel"]
[Black "Pedersen, Torben"]
[Result "1-0"]
[WhiteElo "1787"]
[BlackElo "1625"]
[PlyCount "67"]
[EventDate "1999.07.03"]
[EventType "swiss"]
[EventRounds "11"]
[EventCountry "DEN"]
[SourceDate "2004.01.01"]

1. e4 c6 2. d4 d5 3. Nd2 Qa5 4. c3 dxe4 5. Nxe4 Bf5 6. Ng3 Bg6 7. h4 h5 8. Nh3
Nf6 9. Nf4 Bf5 10. b4 Bg4 11. bxa5 Bxd1 12. Kxd1 Nbd7 13. Be2 g6 14. Bf3 e5 15.
Nfe2 Bd6 16. a6 b6 17. Bxc6 Rc8 18. d5 O-O 19. Bg5 Kg7 20. f3 Nc5 21. Bxf6+
Kxf6 22. Ne4+ Nxe4 23. fxe4 Kg7 24. c4 Rc7 25. Nc3 Bc5 26. Nb5 Re7 27. Ke2 f5
28. Rhf1 Rf6 29. Bb7 f4 30. Nxa7 g5 31. Nc6 Re8 32. a7 g4 33. a8=Q Ref8 34.
Qxf8+ 1-0

[Event "21. Copenhagen Open  (Politiken Cup)"]
[Site "Copenhagen"]
[Date "1999.07.08"]
[Round "6"]
[White "Coleman, David"]
[Black "Hedman, Erik"]
[Result "0-1"]
[WhiteElo "2240"]
[BlackElo "2348"]
[PlyCount "84"]
[EventDate "1999.07.03"]
[EventType "swiss"]
[EventRounds "11"]
[EventCountry "DEN"]
[SourceDate "2004.01.01"]

1. e4 e6 2. d4 d5 3. Nc3 Bb4 4. e5 c5 5. a3 Ba5 6. dxc5 Bxc3+ 7. bxc3 Ne7 8.
Be3 Qa5 9. Bd2 Qxc5 10. Bd3 Nd7 11. Qe2 d4 12. Nf3 dxc3 13. Be3 Qa5 14. Bf4 Nc5
15. Bb5+ Bd7 16. Rb1 a6 17. Bxd7+ Nxd7 18. Rxb7 Nc5 19. Rb1 Qxa3 20. O-O O-O
21. Ra1 Qb4 22. Bc1 Rfc8 23. Ba3 Qb5 24. Qe3 Nd5 25. Qg5 Ne4 26. Qh5 Qe2 27.
Rac1 Nd2 28. Rfe1 Nxf3+ 29. gxf3 Qd2 30. Re4 Nf4 31. Rxf4 Qxf4 32. Kh1 Rc5 33.
Re1 g6 34. Rg1 Rxe5 35. Qh3 Rf5 36. Rg3 h5 37. Qf1 Qd2 38. Qg1 Kh7 39. Qb1 Qxf2
40. Qd1 Rd5 41. Qb1 Qe2 42. Qb7 Qf1+ 0-1

[Event "21. Copenhagen Open  (Politiken Cup)"]
[Site "Copenhagen"]
[Date "1999.07.08"]
[Round "6"]
[White "Damgaard, Sven"]
[Black "Christensen, Stefan"]
[Result "0-1"]
[WhiteElo "1939"]
[BlackElo "2196"]
[PlyCount "40"]
[EventDate "1999.07.03"]
[EventType "swiss"]
[EventRounds "11"]
[EventCountry "DEN"]
[SourceDate "2004.01.01"]

1. d4 Nf6 2. c4 e6 3. Nc3 Bb4 4. e3 b6 5. Nge2 Ba6 6. a3 Bxc3+ 7. Nxc3 d5 8.
Be2 O-O 9. cxd5 Bxe2 10. Qxe2 exd5 11. O-O c6 12. b3 Nbd7 13. Bb2 Re8 14. Rfc1
Nf8 15. Rc2 Ne6 16. Qd2 Qd6 17. Rac1 Ng4 18. h3 Qh2+ 19. Kf1 Nf4 20. Ne2 Qh1+
0-1

[Event "21. Copenhagen Open  (Politiken Cup)"]
[Site "Copenhagen"]
[Date "1999.07.08"]
[Round "6"]
[White "Danielsen, Henrik"]
[Black "Hardarson, Robert"]
[Result "1/2-1/2"]
[WhiteElo "2512"]
[BlackElo "2331"]
[PlyCount "137"]
[EventDate "1999.07.03"]
[EventType "swiss"]
[EventRounds "11"]
[EventCountry "DEN"]
[SourceDate "2004.01.01"]

1. f4 d5 2. Nf3 g6 3. g3 Bg7 4. Bg2 c5 5. O-O Nc6 6. d3 Nf6 7. Nc3 d4 8. Na4
Nd7 9. c4 Qc7 10. e4 dxe3 11. Bxe3 O-O 12. Rb1 b6 13. d4 cxd4 14. Nxd4 Bb7 15.
Nb5 Qc8 16. Bh3 Ncb8 17. Qe2 Qc6 18. Bg2 Qxg2+ 19. Qxg2 Bxg2 20. Kxg2 Rc8 21.
b3 Na6 22. Rbd1 Ndc5 23. Nxc5 Nxc5 24. Bxc5 Rxc5 25. Rd7 a6 26. Nc7 Ra7 27.
Rd8+ Bf8 28. Nd5 b5 29. Nb6 bxc4 30. bxc4 Kg7 31. Nd7 Rxd7 32. Rxd7 Rxc4 33.
Ra7 Ra4 34. Rf2 f5 35. Re2 Kf7 36. Kf1 Ra3 37. Ke1 h5 38. Kf1 Kf6 39. Rb7 Kf7
40. Kg2 Ra4 41. Kh3 Rc4 42. Rb6 a5 43. Rb7 Ra4 44. Kh4 Rc4 45. Ra7 a4 46. Kg5
Rb4 47. Ra6 Bg7 48. Rxg6 Bf6+ 49. Rxf6+ exf6+ 50. Kxf5 a3 51. Re3 Rb5+ 52. Ke4
Rb4+ 53. Kf3 Rb2 54. Rxa3 Rxh2 55. Ra5 Kg6 56. a3 Rb2 57. Ra4 Ra2 58. Ra8 Kf5
59. Ra5+ Kg6 60. a4 Rc2 61. Rb5 Ra2 62. a5 Kh6 63. Rb6 Kg6 64. a6 Kf5 65. Rc6
Ra3+ 66. Kf2 Ra2+ 67. Ke3 Ra3+ 68. Kf2 Ra2+ 69. Kf3 1/2-1/2

[Event "21. Copenhagen Open  (Politiken Cup)"]
[Site "Copenhagen"]
[Date "1999.07.08"]
[Round "6"]
[White "Dinesen, Henrik"]
[Black "Olsen, Miriam Frida"]
[Result "1/2-1/2"]
[WhiteElo "1129"]
[BlackElo "1000"]
[PlyCount "37"]
[EventDate "1999.07.03"]
[EventType "swiss"]
[EventRounds "11"]
[EventCountry "DEN"]
[SourceDate "2004.01.01"]

1. d4 Nf6 2. c4 g6 3. Nc3 Bg7 4. e4 d6 5. Bd3 O-O 6. Nge2 e5 7. d5 Na6 8. O-O
Bd7 9. a3 Nc5 10. Bc2 c6 11. b4 Na6 12. Bg5 Rb8 13. f4 Re8 14. f5 Qb6+ 15. Kh1
Ng4 16. Qe1 Ne3 17. Bxe3 Qxe3 18. Rf3 Qh6 19. Qf2 1/2-1/2

[Event "21. Copenhagen Open  (Politiken Cup)"]
[Site "Copenhagen"]
[Date "1999.07.08"]
[Round "6"]
[White "El Kher, Henrik"]
[Black "Rossen, Claus"]
[Result "1-0"]
[WhiteElo "2332"]
[BlackElo "2184"]
[PlyCount "61"]
[EventDate "1999.07.03"]
[EventType "swiss"]
[EventRounds "11"]
[EventCountry "DEN"]
[SourceDate "2004.01.01"]

1. e4 d6 2. d4 Nf6 3. Nc3 g6 4. g3 Bg7 5. Bg2 O-O 6. Nge2 e5 7. O-O c6 8. h3 b5
9. a3 Bb7 10. Bg5 h6 11. Be3 Nbd7 12. Qd2 Kh7 13. g4 c5 14. dxc5 dxc5 15. Ng3
a6 16. Rad1 Rc8 17. g5 hxg5 18. Bxg5 Qb6 19. h4 b4 20. Nd5 Bxd5 21. exd5 e4 22.
Qf4 Ng8 23. Bxe4 Be5 24. Qf3 Bxb2 25. axb4 cxb4 26. Qh5+ Kg7 27. Nf5+ gxf5 28.
Bxf5 Ndf6 29. Bxf6+ Kxf6 30. Qg5+ Ke5 31. d6 1-0

[Event "21. Copenhagen Open  (Politiken Cup)"]
[Site "Copenhagen"]
[Date "1999.07.08"]
[Round "6"]
[White "Gozzi, Giorgio"]
[Black "Hansen, Morten Lyck"]
[Result "1/2-1/2"]
[WhiteElo "1657"]
[BlackElo "1847"]
[PlyCount "123"]
[EventDate "1999.07.03"]
[EventType "swiss"]
[EventRounds "11"]
[EventCountry "DEN"]
[SourceDate "2004.01.01"]

1. e4 c5 2. Nf3 d6 3. d4 cxd4 4. Nxd4 Nf6 5. Nc3 a6 6. Be3 e6 7. f3 Nc6 8. g4
h6 9. Nb3 b5 10. a3 Bb7 11. Bg2 Be7 12. f4 Nd7 13. Ne2 Na5 14. Nxa5 Qxa5+ 15.
Qd2 Qxd2+ 16. Bxd2 Nf6 17. Bc3 O-O 18. Bxf6 Bxf6 19. O-O-O Be7 20. h4 Rac8 21.
g5 h5 22. Bf3 g6 23. Rhf1 Rc4 24. Rd4 Rfc8 25. c3 a5 26. Kd2 b4 27. axb4 axb4
28. Ra1 bxc3+ 29. bxc3 R4c7 30. Bh1 Bf8 31. Rda4 Bg7 32. R1a3 e5 33. Ra7 exf4
34. Rb3 Bc6 35. Rxc7 Rxc7 36. Nxf4 Be5 37. Ne2 Ra7 38. Nd4 Ra2+ 39. Ke3 Bd7 40.
Rb8+ Kg7 41. Bf3 Rh2 42. Rb7 Bh3 43. Be2 Bc8 44. Rc7 Rh3+ 45. Kf2 Rxc3 46. Rxc3
Bxd4+ 47. Re3 f6 48. Bc4 fxg5 49. hxg5 Kf8 50. Kf3 Bxe3 51. Kxe3 Ke7 52. Kf4
Be6 53. Be2 Kd7 54. Bb5+ Ke7 55. Be2 Bb3 56. Bd3 Ke6 57. Bb5 Kf7 58. Bd3 Be6
59. Kg3 d5 60. exd5 Bxd5 61. Kh4 Bf3 62. Bc4+ 1/2-1/2

[Event "21. Copenhagen Open  (Politiken Cup)"]
[Site "Copenhagen"]
[Date "1999.07.08"]
[Round "6"]
[White "Grigoryan, Meri"]
[Black "Gislason, Ingolfur"]
[Result "1-0"]
[WhiteElo "2100"]
[BlackElo "1810"]
[PlyCount "65"]
[EventDate "1999.07.03"]
[EventType "swiss"]
[EventRounds "11"]
[EventCountry "DEN"]
[SourceDate "2004.01.01"]

1. e4 e6 2. d4 d5 3. Nd2 c5 4. Ngf3 cxd4 5. Nxd4 Nc6 6. Nxc6 bxc6 7. Bd3 Nf6 8.
O-O Bd6 9. Qe2 Qc7 10. h3 Bb7 11. c4 Rb8 12. b3 e5 13. cxd5 cxd5 14. Bb2 O-O
15. exd5 Bxd5 16. Nc4 Rfe8 17. Ne3 Ba8 18. Rfc1 Qb7 19. Ba6 Qb6 20. Rc2 Bc5 21.
Bc4 Bd4 22. Nf5 Qc6 23. Ne3 Rbd8 24. Bb5 Qe4 25. Bxe8 Rxe8 26. Rd2 Nd5 27. Nxd5
Qxd5 28. Qg4 f5 29. Qg3 f4 30. Qg4 h5 31. Qg5 Qc5 32. Bxd4 exd4 33. Qxc5 1-0

[Event "21. Copenhagen Open  (Politiken Cup)"]
[Site "Copenhagen"]
[Date "1999.07.08"]
[Round "6"]
[White "Gunter, David WW"]
[Black "Gabrielsen, Stig"]
[Result "1-0"]
[WhiteElo "2146"]
[BlackElo "2295"]
[PlyCount "81"]
[EventDate "1999.07.03"]
[EventType "swiss"]
[EventRounds "11"]
[EventCountry "DEN"]
[SourceDate "2004.01.01"]

1. d4 c5 2. d5 e5 3. c4 d6 4. Nc3 g6 5. e4 Bg7 6. Bd3 Ne7 7. f4 O-O 8. Nf3 f5
9. fxe5 dxe5 10. O-O Nd7 11. a3 Nf6 12. b4 b6 13. Rb1 Bd7 14. a4 cxb4 15. Rxb4
Nc8 16. Qe2 Re8 17. Nd2 Nd6 18. Ba3 Rc8 19. Rb3 Nb7 20. Rfb1 Nh5 21. Nb5 Nf4
22. Qf1 Ra8 23. Bc2 Bf8 24. Bxf8 Rxf8 25. Nf3 Qf6 26. Nxa7 Nc5 27. Rxb6 Qd8 28.
Nc6 Bxc6 29. Rxc6 Nxe4 30. Rb7 Rb8 31. Qb1 Ne2+ 32. Kf1 Rxb7 33. Qxb7 Nd4 34.
Rc7 Qf6 35. Nxd4 exd4 36. Qc6 Qg5 37. Qe6+ Kh8 38. Qe5+ Kg8 39. Qe6+ Kh8 40.
Qe5+ Kg8 41. Qg7# 1-0

[Event "21. Copenhagen Open  (Politiken Cup)"]
[Site "Copenhagen"]
[Date "1999.07.08"]
[Round "6"]
[White "Hansen, Erik Friberg"]
[Black "Elakany, Mohammed"]
[Result "1/2-1/2"]
[WhiteElo "1028"]
[BlackElo "1172"]
[PlyCount "82"]
[EventDate "1999.07.03"]
[EventType "swiss"]
[EventRounds "11"]
[EventCountry "DEN"]
[SourceDate "2004.01.01"]

1. d4 e6 2. Nf3 Nf6 3. c4 c5 4. e3 Nc6 5. Nc3 d5 6. b3 Be7 7. Bd3 O-O 8. O-O a6
9. Re1 Bd6 10. Bb2 Re8 11. Qc1 e5 12. dxe5 Nxe5 13. Nxe5 Bxe5 14. Qc2 Qd6 15.
h3 Qc6 16. cxd5 Nxd5 17. Nxd5 Bxb2 18. Qxb2 Qxd5 19. Qc2 g6 20. Qe2 Re5 21. e4
Qc6 22. Qf3 b5 23. Rac1 Bb7 24. Re3 Qe6 25. Qe2 Rg5 26. Qf3 Qd7 27. Rd1 Rd8 28.
Qf6 Rh5 29. g4 Rh6 30. Qg5 Kg7 31. Qe5+ f6 32. Qxc5 Re8 33. e5 Qc6 34. exf6+
Kxf6 35. Qxc6+ Bxc6 36. Rxe8 Bxe8 37. Kg2 g5 38. Bb1 Kg7 39. Re1 Bc6+ 40. Kg3
Rf6 41. Re7+ Kf8 1/2-1/2

[Event "21. Copenhagen Open  (Politiken Cup)"]
[Site "Copenhagen"]
[Date "1999.07.08"]
[Round "6"]
[White "Hansen, Erik Svaerke"]
[Black "McShane, Rod"]
[Result "1-0"]
[WhiteElo "1626"]
[BlackElo "1352"]
[PlyCount "61"]
[EventDate "1999.07.03"]
[EventType "swiss"]
[EventRounds "11"]
[EventCountry "DEN"]
[SourceDate "2004.01.01"]

1. d4 Nf6 2. Nc3 g6 3. e4 d6 4. Bg5 Bg7 5. e5 Ng4 6. h3 Nh6 7. Qd2 Ng8 8. f4 h6
9. Bh4 dxe5 10. fxe5 g5 11. Bg3 Bf5 12. Nf3 c6 13. Bc4 e6 14. Bf2 Ne7 15. Bd3
Bxd3 16. Qxd3 Na6 17. Ne4 Nd5 18. Nd6+ Ke7 19. a3 Qa5+ 20. c3 Qb6 21. b4 Nf4
22. Qf1 Nc7 23. g3 Nfd5 24. Qd3 Ne8 25. Ne4 Qd8 26. c4 Ndc7 27. Be3 f6 28.
exf6+ Nxf6 29. Ne5 Ke8 30. Nc5 Rf8 31. Qg6+ 1-0

[Event "21. Copenhagen Open  (Politiken Cup)"]
[Site "Copenhagen"]
[Date "1999.07.08"]
[Round "6"]
[White "Hansen, Sune Berg"]
[Black "Skytte, Rasmus"]
[Result "1-0"]
[WhiteElo "2558"]
[BlackElo "2338"]
[PlyCount "53"]
[EventDate "1999.07.03"]
[EventType "swiss"]
[EventRounds "11"]
[EventCountry "DEN"]
[SourceDate "2004.01.01"]

1. e4 c5 2. Nf3 Nc6 3. d4 cxd4 4. Nxd4 Qc7 5. Nc3 e6 6. Be2 a6 7. O-O b5 8.
Nxc6 Qxc6 9. Bf3 Bb7 10. Bf4 Ne7 11. Bd6 Ng6 12. e5 Qb6 13. Bxf8 Nxf8 14. a4
Ng6 15. Bxb7 Qxb7 16. axb5 O-O 17. Rxa6 Rxa6 18. bxa6 Qxb2 19. Qa1 Qxa1 20.
Rxa1 Nxe5 21. a7 Ra8 22. Nb5 Nc6 23. Rd1 d5 24. Ra1 Kf8 25. Ra6 Nxa7 26. Rxa7
Rb8 27. Na3 1-0

[Event "21. Copenhagen Open  (Politiken Cup)"]
[Site "Copenhagen"]
[Date "1999.07.08"]
[Round "6"]
[White "Hartvig, Ove Weiss"]
[Black "Barkhagen, Jonas"]
[Result "0-1"]
[WhiteElo "2289"]
[BlackElo "2442"]
[PlyCount "60"]
[EventDate "1999.07.03"]
[EventType "swiss"]
[EventRounds "11"]
[EventCountry "DEN"]
[SourceDate "2004.01.01"]

1. e4 g6 2. Nc3 Bg7 3. f4 c6 4. Nf3 d5 5. e5 h5 6. d4 Nh6 7. Be3 Bg4 8. h3 Bxf3
9. Qxf3 h4 10. Bd3 e6 11. g4 hxg3 12. Qxg3 Nf5 13. Bxf5 exf5 14. h4 Rh5 15.
O-O-O Nd7 16. Ne2 Bf8 17. Rdg1 Be7 18. e6 Nf8 19. exf7+ Kxf7 20. Bf2 Qd7 21.
Qf3 Qe6 22. Re1 Qd7 23. Reg1 Bf6 24. Rh2 Qe6 25. Nc3 Re8 26. Rhg2 Bxh4 27. Qxh5
Bxf2 28. Rxg6 Nxg6 29. Qh7+ Kf8 30. Qh6+ Ke7 0-1

[Event "21. Copenhagen Open  (Politiken Cup)"]
[Site "Copenhagen"]
[Date "1999.07.08"]
[Round "6"]
[White "Hau, Helge"]
[Black "Pedersen, Steen"]
[Result "0-1"]
[WhiteElo "1492"]
[BlackElo "1677"]
[PlyCount "126"]
[EventDate "1999.07.03"]
[EventType "swiss"]
[EventRounds "11"]
[EventCountry "DEN"]
[SourceDate "2004.01.01"]

1. b3 d5 2. Bb2 Nf6 3. e3 Bf5 4. Nf3 e6 5. Ne5 c6 6. f4 Nbd7 7. Be2 Ne4 8. O-O
Be7 9. d3 Nef6 10. Nd2 Qb6 11. d4 Nxe5 12. fxe5 Nd7 13. Nf3 f6 14. exf6 Bxf6
15. Qd2 O-O 16. c4 Be4 17. Bc3 Qc7 18. cxd5 exd5 19. Bd3 Rae8 20. Rae1 Bd8 21.
Qc2 Qd6 22. Qd2 Bxd3 23. Qxd3 Bc7 24. g3 Nf6 25. Ng5 Ne4 26. Rxf8+ Qxf8 27.
Nxe4 Rxe4 28. Rf1 Qe7 29. Rf3 Bd6 30. Qd2 h5 31. Qf2 h4 32. gxh4 Rxh4 33. h3
Re4 34. Kf1 Ba3 35. Qd2 Qe6 36. b4 Rh4 37. Qf2 Rxh3 38. Rf8+ Kh7 39. Bd2 Bb2
40. Qf5+ Qxf5+ 41. Rxf5 Kg8 42. Ke2 Rh1 43. Kd3 Bc1 44. Bc3 g6 45. Rf3 Ba3 46.
Kc2 Rh2+ 47. Kb3 Bc1 48. Be1 Re2 49. Bf2 Rb2+ 50. Kc3 Rxa2 51. Kb3 Re2 52. Kc3
Kg7 53. Kd3 Ra2 54. Kc3 Rb2 55. Bg3 a5 56. bxa5 Ra2 57. Be5+ Kg8 58. Bd6 Rxa5
59. Kb4 Ra3 60. Bf4 Rd3 61. Bg5 b6 62. Rg3 Bd2+ 63. Ka4 b5# 0-1

[Event "21. Copenhagen Open  (Politiken Cup)"]
[Site "Copenhagen"]
[Date "1999.07.08"]
[Round "6"]
[White "Henrichsen, Jens"]
[Black "Schmidt, Horst Hubert"]
[Result "1-0"]
[WhiteElo "2059"]
[BlackElo "1672"]
[PlyCount "81"]
[EventDate "1999.07.03"]
[EventType "swiss"]
[EventRounds "11"]
[EventCountry "DEN"]
[SourceDate "2004.01.01"]

1. d4 Nf6 2. Nf3 d5 3. c4 e6 4. Bg5 Be7 5. e3 O-O 6. Nc3 c6 7. Rc1 Nbd7 8. Bd3
Re8 9. O-O Nf8 10. Qc2 Ng4 11. Bxe7 Qxe7 12. h3 Nf6 13. Ne5 N6d7 14. f4 f6 15.
Nf3 a6 16. Rce1 b5 17. cxd5 cxd5 18. e4 dxe4 19. Bxe4 Rb8 20. f5 Nb6 21. fxe6
Bb7 22. Bxb7 Rxb7 23. a3 Rc7 24. Qe4 Qd6 25. d5 Nc4 26. Nd1 Rc5 27. b3 Nb6 28.
Ne3 Rc3 29. Nd4 Ng6 30. Ndf5 Qc5 31. b4 Qc7 32. d6 Qc8 33. Nd5 Nxd5 34. Qxd5
Qb8 35. e7+ Kh8 36. Qf7 Qb6+ 37. Rf2 Rg8 38. Qxg8+ Kxg8 39. e8=Q+ Nf8 40. Ne7+
Kh8 41. Qxf8# 1-0

[Event "21. Copenhagen Open  (Politiken Cup)"]
[Site "Copenhagen"]
[Date "1999.07.08"]
[Round "6"]
[White "Jacobsen, Jesper Howalt"]
[Black "Rosenberg, Jan"]
[Result "0-1"]
[WhiteElo "1180"]
[BlackElo "1624"]
[PlyCount "73"]
[EventDate "1999.07.03"]
[EventType "swiss"]
[EventRounds "11"]
[EventCountry "DEN"]
[SourceDate "2004.01.01"]

1. d4 Nf6 2. Nf3 c5 3. e3 g6 4. Be2 Bg7 5. O-O O-O 6. Nbd2 cxd4 7. exd4 Nc6 8.
Re1 d6 9. c3 Qc7 10. Bf1 d5 11. g3 Bg4 12. Bg2 Qd7 13. Nb3 Ne4 14. Nbd2 e5 15.
dxe5 Ng5 16. Nb3 Qf5 17. Bxg5 Bxf3 18. Qxf3 Qxg5 19. Qe3 Qf5 20. Bxd5 Nxe5 21.
Nd4 Qh5 22. Bf3 Nxf3+ 23. Nxf3 Rfe8 24. Qd3 Rad8 25. Rxe8+ Rxe8 26. Nd4 Qd5 27.
Qf3 Qe5 28. Rd1 Qa5 29. Ra1 Qe5 30. Rd1 h5 31. h4 Rd8 32. Qxb7 Rb8 33. Qxa7
Rxb2 34. Qa3 Qb8 35. Nc6 Qb6 36. Nd4 Bf8 37. Qa4 0-1

[Event "21. Copenhagen Open  (Politiken Cup)"]
[Site "Copenhagen"]
[Date "1999.07.08"]
[Round "6"]
[White "Jensen, John Klaus"]
[Black "Rubeksen, Thomas H"]
[Result "0-1"]
[WhiteElo "1563"]
[BlackElo "1050"]
[PlyCount "56"]
[EventDate "1999.07.03"]
[EventType "swiss"]
[EventRounds "11"]
[EventCountry "DEN"]
[SourceDate "2004.01.01"]

1. Nf3 Nf6 2. g3 d6 3. d4 d5 4. Bg2 h6 5. O-O Bg4 6. Ne5 e6 7. c4 c6 8. Nxg4
Nxg4 9. e4 Nf6 10. cxd5 cxd5 11. exd5 Nxd5 12. Nc3 Nxc3 13. bxc3 Qd7 14. Rb1
Nc6 15. Qa4 Ke7 16. d5 exd5 17. Re1+ Kf6 18. Qd1 Ne7 19. Qd4+ Kg6 20. Be4+ f5
21. Bc2 b6 22. Ba3 Nc6 23. Qg4+ Kf6 24. Qa4 Bxa3 25. Qxa3 Ne5 26. Bb3 Nf3+ 27.
Kg2 Nxe1+ 28. Rxe1 Rhe8 0-1

[Event "21. Copenhagen Open  (Politiken Cup)"]
[Site "Copenhagen"]
[Date "1999.07.08"]
[Round "6"]
[White "Jensen, Kasper Smith"]
[Black "McShane, Luke J"]
[Result "0-1"]
[WhiteElo "1944"]
[BlackElo "2467"]
[PlyCount "106"]
[EventDate "1999.07.03"]
[EventType "swiss"]
[EventRounds "11"]
[EventCountry "DEN"]
[SourceDate "2004.01.01"]

1. e4 c5 2. Nf3 Nc6 3. d4 cxd4 4. Nxd4 Nf6 5. Nc3 e5 6. Ndb5 d6 7. Bg5 a6 8.
Na3 b5 9. Nd5 Be7 10. Bxf6 Bxf6 11. c3 Bb7 12. Nc2 Nb8 13. Nce3 Nd7 14. Nf5 O-O
15. Nxd6 Bxd5 16. exd5 Be7 17. Nf5 Bc5 18. Bd3 e4 19. Qg4 g6 20. Nh6+ Kg7 21.
Nf5+ Kh8 22. Bc2 Nf6 23. Qg5 gxf5 24. Qxf5 Qd6 25. O-O-O Rae8 26. f4 Be3+ 27.
Kb1 Qxf4 28. Qxf4 Bxf4 29. Rhf1 Be5 30. Rf5 e3 31. Re1 Nxd5 32. Bb3 Nf6 33.
Rxe3 Bxh2 34. Rxe8 Nxe8 35. Rxf7 Rxf7 36. Bxf7 Nd6 37. Bd5 Kg7 38. a4 bxa4 39.
Bc6 a3 40. bxa3 Bg1 41. Kc2 Bc5 42. a4 a5 43. Kd3 Kf6 44. Ke2 Nc4 45. Be4 h6
46. Bb7 Ne5 47. Bc8 Kg5 48. g3 Kf6 49. Ba6 Ke6 50. Bc8+ Kd5 51. Kd2 Bf2 52. g4
Ke4 53. Ke2 Bc5 0-1

[Event "21. Copenhagen Open  (Politiken Cup)"]
[Site "Copenhagen"]
[Date "1999.07.08"]
[Round "6"]
[White "Jensen, Torben W"]
[Black "Helin, Mikael"]
[Result "1-0"]
[WhiteElo "1740"]
[BlackElo "2200"]
[PlyCount "77"]
[EventDate "1999.07.03"]
[EventType "swiss"]
[EventRounds "11"]
[EventCountry "DEN"]
[SourceDate "2004.01.01"]

1. e4 c5 2. Nc3 a6 3. d3 e5 4. g3 g6 5. Bg2 Bg7 6. Nge2 d6 7. O-O h5 8. h4 Nc6
9. Nd5 Be6 10. f4 Bg4 11. c3 exf4 12. Bxf4 f6 13. Qd2 Nge7 14. Rae1 Ne5 15.
Bxe5 Nxd5 16. Bf4 Nc7 17. c4 Ne6 18. Nc3 g5 19. Be3 Rb8 20. Nd5 Nf8 21. hxg5
fxg5 22. Bxg5 Bd4+ 23. Kh2 Qd7 24. Bf6 Nh7 25. Bxh8 Bxh8 26. Qh6 Qg7 27. Qxd6
Rc8 28. e5 Qg5 29. Nf6+ Nxf6 30. exf6+ Kf7 31. Re7+ Kg6 32. Be4+ Bf5 33. Bxf5+
Qxf5 34. Rxf5 Rc6 35. Qf4 Bxf6 36. Rxb7 Bd8 37. Rd5 Bf6 38. Qe4+ Kh6 39. Rh7#
1-0

[Event "21. Copenhagen Open  (Politiken Cup)"]
[Site "Copenhagen"]
[Date "1999.07.08"]
[Round "6"]
[White "Johansen, Terje"]
[Black "Fant, Goran"]
[Result "1-0"]
[WhiteElo "2231"]
[BlackElo "2066"]
[PlyCount "111"]
[EventDate "1999.07.03"]
[EventType "swiss"]
[EventRounds "11"]
[EventCountry "DEN"]
[SourceDate "2004.01.01"]

1. d4 e6 2. g3 d5 3. Bg2 f5 4. Nd2 Bd6 5. Ndf3 Nf6 6. Nh3 c6 7. Bf4 O-O 8. O-O
Nh5 9. Bxd6 Qxd6 10. Ne5 Nf6 11. Nf4 Bd7 12. c4 g5 13. Nfd3 Na6 14. cxd5 cxd5
15. Qd2 h6 16. Rfc1 Rfc8 17. Qe3 Be8 18. h4 Nh7 19. hxg5 hxg5 20. Nf3 Qe7 21.
Nc5 Nxc5 22. dxc5 a5 23. Nd4 Kf7 24. a4 Ra6 25. Nxf5 exf5 26. Bxd5+ Kf8 27.
Qxe7+ Kxe7 28. Bxb7 Rac6 29. Bxc8 Rxc8 30. Ra3 Bc6 31. Rd1 Nf6 32. Re3+ Kf7 33.
f3 Nd5 34. Re5 Ne7 35. b3 Kf6 36. f4 gxf4 37. gxf4 Rg8+ 38. Kf2 Rg2+ 39. Kf1
Rh2 40. Rd6+ Kf7 41. Rxe7+ Kxe7 42. Rxc6 Rh3 43. Rb6 Rc3 44. Rb5 Ke6 45. Ke1
Kd5 46. Kd2 Rh3 47. Rxa5 Rxb3 48. c6+ Kxc6 49. Rxf5 Rb2+ 50. Ke3 Rb3+ 51. Kf2
Ra3 52. a5 Kd6 53. e3 Ke6 54. Rb5 Kf6 55. Rb6+ Kf5 56. Kf3 1-0

[Event "21. Copenhagen Open  (Politiken Cup)"]
[Site "Copenhagen"]
[Date "1999.07.08"]
[Round "6"]
[White "Jonkman, Harmen"]
[Black "Lyell, Mark"]
[Result "1-0"]
[WhiteElo "2421"]
[BlackElo "2238"]
[PlyCount "35"]
[EventDate "1999.07.03"]
[EventType "swiss"]
[EventRounds "11"]
[EventCountry "DEN"]
[SourceDate "2004.01.01"]

1. e4 e5 2. f4 exf4 3. Bc4 Nf6 4. Nc3 c6 5. Bb3 d5 6. exd5 cxd5 7. d4 Bb4 8.
Nf3 O-O 9. O-O Bxc3 10. bxc3 Be6 11. Bxf4 Ne4 12. Qd3 Nc6 13. Nd2 Nxd2 14. Bxd2
Rc8 15. Rae1 Ne7 16. Bg5 Rc7 17. Qg3 Kh8 18. Rxe6 1-0

[Event "21. Copenhagen Open  (Politiken Cup)"]
[Site "Copenhagen"]
[Date "1999.07.08"]
[Round "6"]
[White "Jorgensen, Carina Eilegaard"]
[Black "Lund, Thomas"]
[Result "0-1"]
[WhiteElo "1574"]
[BlackElo "1691"]
[PlyCount "112"]
[EventDate "1999.07.03"]
[EventType "swiss"]
[EventRounds "11"]
[EventCountry "DEN"]
[SourceDate "2004.01.01"]

1. e4 c5 2. Nf3 Nc6 3. d4 cxd4 4. Nxd4 g6 5. Be3 Bg7 6. Nc3 Nf6 7. Bc4 Qa5 8.
f3 Qb4 9. Nxc6 bxc6 10. Bb3 O-O 11. O-O d6 12. Qd2 Re8 13. Rad1 Nd7 14. Bd4 Nc5
15. Bxg7 Kxg7 16. Qd4+ Qxd4+ 17. Rxd4 f5 18. Re1 fxe4 19. Nxe4 Nxe4 20. Rdxe4
e5 21. f4 Bf5 22. R4e3 e4 23. Ba4 Rac8 24. Rc3 Bd7 25. Rce3 d5 26. c4 Rc7 27.
Bb3 Be6 28. Rc1 Ree7 29. Rd1 Red7 30. Ba4 Re7 31. Bb3 dxc4 32. Bc2 Bd5 33. Rde1
Rc8 34. Kf2 Rce8 35. Kg3 Kf6 36. Kg4 h5+ 37. Kg3 Kf5 38. b3 cxb3 39. Bxb3 h4+
40. Kxh4 Kxf4 41. g3+ Ke5 42. Kg5 Re6 43. Bc2 Kd4 44. a3 Rh8 45. h4 Rh5+ 46.
Kg4 Rf5 47. Bb3 Ree5 48. Bc2 Rf2 49. Bb3 Rb2 50. Bxd5 cxd5 51. Kh3 Rf5 52. g4
Rff2 53. Kg3 Ke5 54. Rg1 d4 55. Rb3 Rxb3+ 56. Kxf2 Kf4 0-1

[Event "21. Copenhagen Open  (Politiken Cup)"]
[Site "Copenhagen"]
[Date "1999.07.08"]
[Round "6"]
[White "Jorgensen, Michael"]
[Black "Mortensen, Henrik"]
[Result "1-0"]
[WhiteElo "2274"]
[BlackElo "2078"]
[PlyCount "47"]
[EventDate "1999.07.03"]
[EventType "swiss"]
[EventRounds "11"]
[EventCountry "DEN"]
[SourceDate "2004.01.01"]

1. d4 Nf6 2. c4 c5 3. d5 d6 4. Nc3 g6 5. e4 Bg7 6. Nf3 O-O 7. h3 e6 8. Bd3 exd5
9. cxd5 Re8 10. O-O c4 11. Bc2 a6 12. a4 Nbd7 13. Be3 Ne5 14. a5 Bd7 15. Nxe5
Rxe5 16. f4 Rh5 17. Qf3 Qc8 18. f5 Bh6 19. Bxh6 Rxh6 20. fxg6 Qc5+ 21. Qf2
Qxf2+ 22. Rxf2 Kg7 23. Raf1 Rxg6 24. e5 1-0

[Event "21. Copenhagen Open  (Politiken Cup)"]
[Site "Copenhagen"]
[Date "1999.07.08"]
[Round "6"]
[White "Kristjansson, Stefan"]
[Black "Pedersen, Steffen"]
[Result "1/2-1/2"]
[WhiteElo "2278"]
[BlackElo "2427"]
[PlyCount "98"]
[EventDate "1999.07.03"]
[EventType "swiss"]
[EventRounds "11"]
[EventCountry "DEN"]
[SourceDate "2004.01.01"]

1. e4 c5 2. Nf3 d6 3. d4 cxd4 4. Nxd4 Nf6 5. Nc3 e6 6. Be3 Nc6 7. Be2 Be7 8. g4
h6 9. Rg1 a6 10. h4 Nh7 11. Nf3 b5 12. g5 hxg5 13. Nxg5 Nxg5 14. hxg5 g6 15. f4
Bd7 16. Bf3 Qc7 17. Qd2 b4 18. Ne2 Rc8 19. O-O-O e5 20. Rh1 Rf8 21. Kb1 Be6 22.
Bg2 Rd8 23. b3 a5 24. Rdf1 exf4 25. Nxf4 Ne5 26. Bh3 Qd7 27. Qg2 Rc8 28. Bd4
Bxh3 29. Rxh3 Bd8 30. Rd1 Qc6 31. c4 Bb6 32. Bxe5 dxe5 33. Nd5 Bd4 34. Rf1 a4
35. Rf6 Qb7 36. Qc2 Qd7 37. Qg2 axb3 38. axb3 Ra8 39. Rf2 Qa7 40. Ra2 Qxa2+ 41.
Qxa2 Rxa2 42. Kxa2 Kd7 43. Nxb4 Ra8+ 44. Kb1 Ra1+ 45. Kc2 Rg1 46. Rf3 Rg2+ 47.
Kd1 Rg1+ 48. Kc2 Rg2+ 49. Kd1 Rg1+ 1/2-1/2